| 000 | 00915nam a22001577a 4500 | ||
|---|---|---|---|
| 003 | LRUA | ||
| 005 | 20191225144231.0 | ||
| 008 | 191225b xxu||||| |||| 00| 0 eng d | ||
| 040 | _cRUA | ||
| 082 | _aAVM PHY 2018 B654 Or.1 | ||
| 100 |
_914093 _aPHY PHEA ភី ភារ៉ូ |
||
| 245 | _ausing of aloe vera ( aloe barbadensis) as anticoccidial in digestive sytem of three blood chickens at research stantion of fvm-RUAការប្រើប្រាស់ប្រទាលកន្ទុយក្រពើប្រឆាំង COCCIDIA ក្នុងប្រដាប់រំលាយអាហារមាន់បីឈាមនៅស្ថានីស្រាវជ្រោវវេជ្ចសាស្រ្តសត្វនៃសាកលវីទ្យាល័យភូមិន្ទកសិកម្ម | ||
| 260 |
_aRUA _bPhnom penh _c2018 |
||
| 300 |
_ax;43p _bill; _c29cm |
||
| 942 |
_2ddc _cAVM |
||
| 999 |
_c18615 _d18615 |
||